| 000 | 01193nam a22002537a 4500 | ||
|---|---|---|---|
| 999 |
_c21928 _d21928 |
||
| 003 | AR-CdUCM | ||
| 008 | 190405b ||||| |||| 00| 0 spa d | ||
| 040 |
_aMUNICIPALIDAD PROVINCIAL DEL CUSCO _cBIBLIOTECA MUNICIPAL DEL CUSCO |
||
| 082 |
_a985.61/N56 _bN56 |
||
| 245 |
_aCusco en la historia / _cLuis Nieto Degregori, Fernando Ruiz Caro Villagarcía, Textos |
||
| 260 |
_aCusco : _bCaja Municipal de Ahorros y Crédito Cusco, _c2021. |
||
| 300 |
_a118, [2] páginas. : _bil. (principalmente col.) ; _c25 x 30 cm. |
||
| 505 | _aContenido: Cusco preincaico. -- Cusco Incaico. -- Las huacas del Cusco. -- El Cusco Colonial. -- La escuela cusqueña de pintura. -- La platería cusqueña. -- El Cusco republicano. La escuela cusqueña de fotografía. -- Cambios en la cultura urbana de Cusco. -- El Cusco del bicentenario. | ||
| 650 |
_aHistoria del Cusco _91714 |
||
| 650 |
_aHistoriografía cusqueña _944102 |
||
| 650 |
_aÉpoca preinca _946884 |
||
| 650 |
_aInkas _91899 |
||
| 650 |
_aÉpoca colonial _946885 |
||
| 650 |
_aÉpoca republicana _9202 |
||
| 650 |
_aCusco Perú _946886 |
||
| 710 |
_aCaja Municipal de Ahorro y Crédito Cusco _945737 |
||
| 942 |
_2ddc _cLIBROS |
||
| 945 | _ar.a.c | ||